MARC

Tag First Indicator Second Indicator Subfields
LEADER 00000cam a2200000Ia 4500
001 in00002007802
005 20151031130033.0
008 931117s1982 er acf 000 0arusod
035 |a (OCoLC)ocm29338402 
040 |a UIU  |c UIU  |d GZM  |d OCLCQ  |d TXA  |d UtOrBLW 
043 |a e-ur---  |a e-er--- 
049 |a TXAM 
090 |a DK503.77.R47  |b A3 1982 
092 0 |a 940.54814741  |b R299z  |2 20 
100 1 |a Repson, Alʹbert. 
245 1 0 |a Zolotymi bukvami po belomu mramoru /  |c Alʹbert Repson. 
264 1 |a Tallin :  |b Ėėsti Raamat,  |c 1982. 
300 |a 277 pages, 48 unnumbered pages of plates :  |b illustrations, portraits ;  |c 21 cm. 
336 |a text  |b txt  |2 rdacontent 
337 |a unmediated  |b n  |2 rdamedia 
338 |a volume  |b nc  |2 rdacarrier 
600 1 0 |a Repson, Alʹbert. 
650 0 |a World War, 1939-1945  |v Personal narratives, Estonian. 
650 0 |a World War, 1939-1945  |x Campaigns  |z Eastern Front. 
610 1 0 |a Soviet Union.  |b Raboche-Krestʹi︠a︡nskai︠a︡ Krasnai︠a︡ Armii︠a︡.  |b Gvardeĭskiĭ Ėstonskiĭ strelkovyĭ korpus, 41-ĭ. 
948 |a cataloged  |b h  |c 2004/11/1  |d c  |e spoltoratski  |f 9:54:05 am 
994 |a E0  |b TXA 
999 |a MARS 
999 f f |s f959f92d-dbe6-3c57-afda-0facd7265c4f  |i 4778c3e1-353f-31f7-9bcc-6cc879033d92  |t 0 
952 f f |p ric  |a Texas A&M University  |b Rellis Campus  |c Joint Library Facility  |d Remote Storage  |t 0  |e DK503.77.R47 A3 1982  |h Library of Congress classification  |i unmediated -- volume  |m A14831377738 
998 f f |a DK503.77.R47 A3 1982  |t 0  |l Remote Storage